000 00414nam a2200181Ia 4500
001 7336
005 20260306160448.0
008 260306t2009||||xx |||||||||||||| ||spa||
041 _aESP
082 _a338.5
_bS17M
100 _aSalvatore, Dominick
_eAUT
245 0 _aMicroeconomĂ­a
260 _c2009
300 _axii, 355 páginas :
_c27 cm.
650 _aGEN
654 _aCAN
942 _cLIB
_dJUS
_fJUS
_2ddc
_n
999 _c7336
_d7336